Chanteuses francophones par images - Statistiques

Statistiques générales
  • Ce quiz a été pris 114 fois
    59 depuis la dernière actualisation
  • Le résultat moyen est 22 sur 42
Statistiques - réponses
Par images Hint Réponse % Correct
1968 Céline Dion
100%
1980 Diam's
96%
1996 Louane
94%
1964 Zazie
94%
1985 Amel Bent
92%
1995 Aya Nakamura
90%
1970 Lara Fabian
90%
1972 Vanessa Paradis
90%
1982 Jenifer
88%
1992 Clara Luciani
84%
1961 Mylène Farmer
82%
1987 Cœur de Pirate
80%
1984 Alizée
71%
2002 Helena
67%
2000 Marine
67%
1990 Joyce Jonathan
63%
1966 Patricia Kaas
63%
1960 Maurane
59%
1994 Yseult
55%
2001 Eva Queen
53%
1962 Lio
53%
1991 Santa
53%
1989 Sheryfa Luna
51%
1971 Lââm
49%
1979 Larusso
49%
1974 Ophélie Winter
45%
1998 Marina Kaye
41%
1999 Zaho de Sagazan
41%
1981 Zaho
39%
1975 Claire Keim
37%
1973 Nadiya
33%
1967 Tina Arena
29%
1986 Kenza Farah
24%
1983 Emma Daumas
18%
1978 Louisy Joseph
16%
1977 Koxie
14%
1976 Anaïs
6%
1993 Ilona Mitrecey
6%
1963 Douchka
4%
1988 Pauline
4%
1969 Julie Delpy
0%
1965 Nathalie Dessay
0%
Aucun quiz correspondant
Distribution des résultats
% des personnes avec chaque résultat
Percentile par nombre de réponses
Votre historique - résultats
Vous n’avez pas pris ce quiz depuis la dernière actualisation